Historia de la literatura italiana / (Registro nro. 68513)

Detalles MARC
000 -LEADER
campo de control de longitud fija 00579nam a22001815i 4500
001 - NÚMERO DE CONTROL
campo de control 68513
003 - IDENTIFICADOR DE NÚMERO DE CONTROL
campo de control ES-MaACL
005 - FECHA Y HORA DE LA ÚLTIMA TRANSACCIÓN
campo de control 20230906170312.0
007 - CAMPO FIJO DE DESCRIPCIÓN FÍSICA--INFORMACIÓN GENERAL
campo de control de longitud fija t|
008 - DATOS DE LONGITUD FIJA--INFORMACIÓN GENERAL
campo de control de longitud fija 960807s1900 sp ||||1| spa d
040 ## - FUENTE DE CATALOGACIÓN
Centro catalogador/agencia de origen CAM
Lengua de catalogación spa
Centro/agencia transcriptor CAM
100 1# - ENTRADA PRINCIPAL--NOMBRE DE PERSONA
Nombre de persona Garnett, Ricardo.
9 (RLIN) 55599
245 10 - MENCIÓN DEL TÍTULO
Título Historia de la literatura italiana /
Mención de responsabilidad, etc. por Ricardo Garnett ...; traducida por Enrique Soms y Castelín.
260 ## - PUBLICACIÓN, DISTRIBUCIÓN, ETC.
Lugar de publicación, distribución, etc. Madrid :
Nombre del editor, distribuidor, etc. La España Moderna,
Fecha de publicación, distribución, etc. [s.a.] (
Fabricante Agustín Avrial)
300 ## - DESCRIPCIÓN FÍSICA
Extensión 480 p. ;
Dimensiones 22 cm.
700 1# - ENTRADA AGREGADA--NOMBRE PERSONAL
Nombre de persona Soms y Castelín, Enrique.
9 (RLIN) 107291
852 ## - LOCALIZACIÓN
Ubicación ES-MaACL
Número de control de estantería B-12437
Existencias
Estatus retirado Estado de pérdida Estado de daño No para préstamo Biblioteca de origen Biblioteca actual Ubicación en estantería Fecha de adquisición Fuente de adquisición Total de préstamos Signatura topográfica completa Código de barras Visto por última vez Precio de reemplazo Tipo de ítem Koha
        Biblioteca del Ateneo de Madrid Biblioteca del Ateneo de Madrid Sala Pardo Bazán 17/01/2008     B-12437 1071723 23/02/2023 23/02/2023 Libro impreso